000 00769nam a2200229 a 4500
001 BRL_1855
005 20190320211410.0
008 100815s1997----mx-o######---#000-0#spa-#
041 _aspa
044 _amx
050 4 _aF1219.3.M4
_b.I58 1997
245 1 0 _aInvocaciones
_bDanzas y máscaras del pacífico sur
_c[archivo fotograìfico de Ruth Lechuga]
260 _a[México
_bCoordinación Nacional de Descentralización, Programa de Desarrollo Cultural del Pacífico Sur
_c1997]
300 _a[78] p.
_bil.
_c16 cm.
500 _aAu8
650 1 4 _aMáscaras indígenas
_zMéxico
_94283
650 1 4 _aFestivales
_zMéxico
_928058
650 1 4 _aIndígenas de México
_xRitos y ceremonias
_92458
700 1 _aLechuga, Ruth D
_94883
902 _aGRL
942 _2lcc
_cB
999 _c10663
_d10663